000 00370 a2200157 4500
001 61582
020 _a8531408989
040 _cAnchieta - Pituba
100 _aMuseums, Libraries and Archives Council
240 1 0 _aConservação de coleções
_lpor
245 1 0 _aConservação de coleções
300 _a224
362 0 _a2005
650 4 _aMuseologia
942 _cBK
999 _c61582
_d61582